Southville International School and Colleges
Your cart is empty.
  • Cart
  • Lists
    Public lists Eva Luna New books Lux_list list_1
    Your lists Log in to create your own lists
  • Log in to your account
  • Your cookies
  • Search history
Southville International School and Colleges
  • Advanced search
  • Recent comments
  • Most popular
  • Libraries

Log in to your account

Log in with GOOGLE


If you do not have an external account, but do have a local account, you can still log in:

  1. Home
  2. MARC view: A study on the frequency of listening to classical music and its effects on academic behavior of 11th grade students
Normal view MARC view ISBD view

A study on the frequency of listening to classical music and its effects on academic behavior of 11th grade students (Record no. 289050)

[ view plain ]
MARC details
000 -LEADER
fixed length control field 00818nam a22002177a 4500
003 - CONTROL NUMBER IDENTIFIER
control field 0
005 - DATE AND TIME OF LATEST TRANSACTION
control field 20250120082834.0
008 - FIXED-LENGTH DATA ELEMENTS--GENERAL INFORMATION
fixed length control field 160108b xxu||||| |||| 00| 0 eng d
050 ## - LIBRARY OF CONGRESS CALL NUMBER
Classification number PHS LB 1060
Item number .C545 2015
100 ## - MAIN ENTRY--PERSONAL NAME
Personal name Choi, Jia
245 ## - TITLE STATEMENT
Title A study on the frequency of listening to classical music and its effects on academic behavior of 11th grade students
Statement of responsibility, etc Jia Choi
260 ## - PUBLICATION, DISTRIBUTION, ETC. (IMPRINT)
Place of publication, distribution, etc Las Piñas, Philippines :
Name of publisher, distributor, etc Southville International School and Colleges,
Date of publication, distribution, etc 2015.
300 ## - PHYSICAL DESCRIPTION
Other physical details v, 35 p. :
Extent ill. ;
Dimensions 28 cm.
504 ## - BIBLIOGRAPHY, ETC. NOTE
Bibliography, etc Includes bibliographical references.
650 ## - SUBJECT ADDED ENTRY--TOPICAL TERM
Topical term or geographic name as entry element Academic achievement
Form subdivision Psychological aspects.
650 ## - SUBJECT ADDED ENTRY--TOPICAL TERM
Topical term or geographic name as entry element Music
Form subdivision Psychological aspects.
650 ## - SUBJECT ADDED ENTRY--TOPICAL TERM
Topical term or geographic name as entry element Classical music
Form subdivision Psychological aspects.
650 ## - SUBJECT ADDED ENTRY--TOPICAL TERM
Topical term or geographic name as entry element Students
Form subdivision Psychology.
650 ## - SUBJECT ADDED ENTRY--TOPICAL TERM
Topical term or geographic name as entry element Music and learning.
942 ## - ADDED ENTRY ELEMENTS (KOHA)
Source of classification or shelving scheme Library of Congress Classification
Koha item type PASS
Holdings
Withdrawn status Lost status Source of classification or shelving scheme Damaged status Home library Current library Shelving location Date acquired Source of acquisition Total Checkouts Full call number Barcode Date last seen Price effective from Koha item type
    Library of Congress Classification   Luxembourg Library Luxembourg Library Portfolio Assessment of SISC Students Section 01/08/2016 Donation   PHS LB 1060 .C545 2015 P3476 11/27/2019 01/08/2016 PASS

A study on the frequency of listening to classical music and its effects on academic behavior of 11th grade students

APA

Choi J., . (2015). A study on the frequency of listening to classical music and its effects on academic behavior of 11th grade students. Las Piñas, Philippines: Southville International School and Colleges.

Chicago

Choi Jia, . 2015. A study on the frequency of listening to classical music and its effects on academic behavior of 11th grade students. Las Piñas, Philippines: Southville International School and Colleges.

Harvard

Choi J., . (2015). A study on the frequency of listening to classical music and its effects on academic behavior of 11th grade students. Las Piñas, Philippines: Southville International School and Colleges.

MLA

Choi Jia, . A study on the frequency of listening to classical music and its effects on academic behavior of 11th grade students. Las Piñas, Philippines: Southville International School and Colleges. 2015.

  • Print
  • Cite
  • Add to your cart (remove)
  • Save record
    BIBTEX Dublin Core MARCXML MARC (non-Unicode/MARC-8) MARC (Unicode/UTF-8) MARC (Unicode/UTF-8, Standard) MODS (XML) RIS
  • More searches
    Search for this title in:
    Other Libraries (WorldCat) Other Databases (Google Scholar) Online Stores (Bookfinder.com) Open Library (openlibrary.org)

Exporting to Dublin Core...

SOUTHVILLE LIBRARY

Southville International School and Colleges Library

1281 Tropical Ave. Cor. Luxembourg St., BF Homes International, Las Pinas City

Tel. No. 8256374 / 252358 Loc. 117/146

Powered by Koha